| 000 -LEADER |
| fixed length control field |
00956nam a22001337a 4500 |
| 040 ## - CATALOGING SOURCE |
| Transcribing agency |
RUA |
| 082 ## - DEWEY DECIMAL CLASSIFICATION NUMBER |
| Classification number |
VEM SEN 2014 B442 Or.1 |
| 100 ## - MAIN ENTRY--AUTHOR NAME |
| Personal name |
SENG RATHA ; សេង រដ្ឋា |
| 245 ## - TITLE STATEMENT |
| Title |
Study on spermatozoia surviv al in antibiotic extender at cambodia-china pig demostration sangkat khmoung, kan sensok, phnom penh , ការសិក្សាពីការរស់រានមានជីវិតរបស់ស្ពែម៉ាតូសូអ៊ីត ក្នុងល្បាយរាវដោយមាន Antibiotic នៅស្ថានីយ៍ចិញ្ចឹម ជ្រូកពូជបង្ហាញកម្ពុជា ចិន សង្កាត់ឃ្មញ ខណ្ឌសែនសុខរាជធានីភ្នំពេញ |
| 260 ## - PUBLICATION, DISTRIBUTION, ETC. (IMPRINT) |
| Place of publication |
Phnom Penh |
| Name of publisher |
RUA |
| Year of publication |
2014 |
| 300 ## - PHYSICAL DESCRIPTION |
| Number of Pages |
xii ; 43p. |
| Other physical details |
ill. |
| Dimensions |
29cm. |
| 856 ## - ELECTRONIC LOCATION AND ACCESS |
| Uniform Resource Identifier |
https://drive.google.com/file/d/1McHANCviQkolAAV-kAA8avW562NJKNd3/view?usp=sharing |
| 942 ## - ADDED ENTRY ELEMENTS (KOHA) |
| Koha item type |
VEM |
| 952 ## - LOCATION AND ITEM INFORMATION (KOHA) |
| Withdrawn status [LOCAL, KOHA] |
0 |
| 952 ## - LOCATION AND ITEM INFORMATION (KOHA) |
| Withdrawn status [LOCAL, KOHA] |
0 |
| 952 ## - LOCATION AND ITEM INFORMATION (KOHA) |
| Withdrawn status [LOCAL, KOHA] |
0 |
| 952 ## - LOCATION AND ITEM INFORMATION (KOHA) |
| Withdrawn status [LOCAL, KOHA] |
0 |
| 952 ## - LOCATION AND ITEM INFORMATION (KOHA) |
| Withdrawn status [LOCAL, KOHA] |
0 |
| 952 ## - LOCATION AND ITEM INFORMATION (KOHA) |
| Withdrawn status [LOCAL, KOHA] |
0 |
| 952 ## - LOCATION AND ITEM INFORMATION (KOHA) |
| Withdrawn status [LOCAL, KOHA] |
0 |
| 952 ## - LOCATION AND ITEM INFORMATION (KOHA) |
| Withdrawn status [LOCAL, KOHA] |
0 |